000
00227nam a2200085Ia 4500
245
0
_a
The house at midnight
100
_a
Whitehouse, Lucie, London, 2009
_9
78704
942
_c
BK
008
210817s9999 xx 000 0 und d
999
_c
272492
_d
272491